KOHA-Header-6

Algorithmic Complexity :And Communication Problems (Record no. 6288)

000 -LEADER
fixed length control field 00292nam a2200109Ia 4500
100 ## - MAIN ENTRY--AUTHOR NAME
Personal name Barthelemy, j.p.
245 #0 - TITLE STATEMENT
Title Algorithmic Complexity :And Communication Problems
260 ## - PUBLICATION, DISTRIBUTION, ETC. (IMPRINT)
Place of publication New york
Name of publisher Prentice Hall
Year of publication 1996
300 ## - PHYSICAL DESCRIPTION
Number of Pages 256
942 ## - ADDED ENTRY ELEMENTS (KOHA)
Koha item type Books
Holdings
Withdrawn status Lost status Collection code Permanent Location Current Location Shelving location Date acquired Full call number Accession Number Koha item type
    Computer Science MAJU MAJU Shelf No.B23 2019-09-07 338.5 3696 Computer Science

Powered by Koha